| 000 | 01077pam a2200313 a 4500 | ||
|---|---|---|---|
| 001 | 013283495 | ||
| 003 | Uk | ||
| 005 | 20131009132931.0 | ||
| 008 | 070711s2006 ne a b 001 0 eng c | ||
| 010 | _a 2007275145 | ||
| 015 |
_aGBA573817 _2bnb |
||
| 020 | _a9780750667807 (hbk.) : | ||
| 020 | _a075066780X (hbk.) : | ||
| 082 | 0 | 4 |
_a621.80289 _222 _bRID |
| 100 | 1 |
_aRidley, John R. _933978 |
|
| 245 | 1 | 0 |
_aSafety with machinery / _cJohn Ridley and Dick Pearce. |
| 250 | _a2nd ed. | ||
| 260 |
_aAmsterdam ; _aLondon : _bButterworth-Heinemann, _c2006. |
||
| 300 |
_axv, 278 p. : _bill. (some col.) ; _c24 cm. |
||
| 500 | _aPrevious ed.: published as Safeguarding for machinery. 2001. | ||
| 504 | _aIncludes bibliographical references and index. | ||
| 650 | 0 |
_aMachinery _xSafety appliances. _933979 |
|
| 650 | 0 |
_aIndustrial safety _xStandards _zGreat Britain. _933980 |
|
| 650 | 0 |
_aMachinery _xSafety measures. _933981 |
|
| 653 |
_bEle _cOctober2013 |
||
| 700 | 1 |
_aPearce, Dick. _933982 |
|
| 700 | 1 |
_aRidley, John R. _tSafeguarding for machinery. _933983 |
|
| 942 |
_2ddc _cBB |
||
| 999 |
_c17622 _d17594 |
||